Statistics for Most Guessed Capital Cities A-Z

Click here to take the quiz!

General Stats

  • This quiz has been taken 64 times
  • The average score is 17 of 24

Answer Stats

letter%capital% Correct
L88London
98%
P91Paris
98%
W85Washington
98%
B87Berlin
93%
M83Madrid
90%
R88Rome
90%
T79Tokyo
85%
O77Oslo
83%
Q47Quito
78%
A81Athens
75%
V76Vienna
75%
S69Stockholm
73%
C72Copenhagen
70%
D80Dublin
70%
H71Helsinki
68%
U40Ulaanbaatar
67%
Z54Zagreb
67%
I49Islamabad
62%
J63Jerusalem
60%
N72New Delhi
60%
K65Kiev
57%
Y32Yerevan
48%
G39Guatemala City
32%
F30Freetown
23%

Score Distribution

Percentile by Number Answered

Percent of People with Each Score

Your Score History

You have not taken this quiz